ნორმალური ფორმატი
MARC ფორმატი
ჩანაწერი Meeting Name
ჩანაწერთა რაოდენობა, რომელიც გამოყენებულია: 1
001 - CONTROL NUMBER
- control field: 27205
003 - CONTROL NUMBER IDENTIFIER
- control field: GE_BSU
005 - DATE AND TIME OF LATEST TRANSACTION
- control field: 20260325145329.0
008 - FIXED-LENGTH DATA ELEMENTS
- fixed length control field: 260325|| aca||aabn | a|a d
040 ## - CATALOGING SOURCE
- Original cataloging agency: GE_BSU
- Transcribing agency: GE_BSU
111 ## - HEADING--MEETING NAME
- Meeting name or jurisdiction name as entry element: ჰუმანიტარულ-ეკონომიკური ფალულტეტი. აგროსამრეწველო კომპლექსის ეკონომიკის, ორგანიზაციისა და მერკეტინგის კათედრა.
670 ## - SOURCE DATA FOUND
- Source citation: Work cat.: (GE_BSU)36851: ყამარაული, სულიკო 695, მარკეტინგი = Marketing :
